All The Decemberists Songs Quiz - Statistics

General Stats
  • This quiz has been taken 21 times
  • The average score is 73 of 130
Answer Stats
Hint Answer % Correct
As It Ever Was, So It Will Be Again Burial Ground
100%
Castaways and Cutouts Leslie Anne Levine
100%
An Interlude
86%
Apology Song
86%
California One/Youth and Beauty Brigade
86%
Eli, the Barrow Boy
86%
Grace Cathedral Hill
86%
I Don't Mind
86%
January Hymn
86%
Joan in the Garden
86%
June Hymn
86%
Long White Veil
86%
My Mother Was a Chinese Trapeze Artist
86%
5 Songs Oceanside
86%
Odalisque
86%
O Valencia!
86%
Rox in the Box
86%
Rusalka, Rusalka / Wild Rushes
86%
Her Majesty the Decemberists Shanty for the Arethusa
86%
Shiny
86%
Sons & Daughters
86%
The Black Maria
86%
Picaresque The Infanta
86%
The Legionnaire's Lament
86%
The Mariner's Revenge Song
86%
The Rake's Song
86%
The Tain The Tain
86%
12/17/12
71%
A Bower Scene
71%
A Cautionary Song
71%
Annan Water
71%
Bridges and Balloons
71%
Burying Davy
71%
Cavalry Captain
71%
Cocoon
71%
Down by the Water
71%
Here I Dreamt I Was an Architect
71%
I'll Be Your Girl
71%
July, July!
71%
Of Angels and Angles
71%
Oh No!
71%
On the Bus Mall
71%
Rise to Me
71%
Song for Myla Goldberg
71%
Summersong
71%
The Abduction of Margaret
71%
The Bagman's Gambit
71%
The Bandit Queen
71%
The Crane Wife 1 & 2
71%
The Crane Wife The Crane Wife 3
71%
The Gymnast, High Above the Ground
71%
The Island: Come and See/The Landlord's Daughter/You'll Not Feel the Drowning
71%
The Queen's Approach
71%
The Queen's Rebuke/The Crossing
71%
The Soldiering Life
71%
The Wanting Comes in Waves/Repaid
71%
William Fitzwilliam
71%
America Made Me
57%
Angel, Won't You Call Me?
57%
As I Rise
57%
Billy Liar
57%
Clementine
57%
Constantinople
57%
Cutting Stone
57%
Dear Avery
57%
Long Live the King E. Watson
57%
From My Own True Love (Lost at Sea)
57%
I4U & U4Me
57%
I Was Meant for the Stage
57%
Kingdom of Spain
57%
The Hazards of Love Prelude
57%
Red Right Ankle
57%
Sixteen Military Wives
57%
Starwatcher
57%
Sucker's Prayer
57%
The Bachelor and the Bride
57%
The Chimbley Sweep
57%
The Engine Driver
57%
The Hazards of Love 1 (The Prettiest Whistles Won't Wrestle the Thistles Undone)
57%
The Hazards of Love 2 (Wager All)
57%
The Hazards of Love 3 (Revenge!)
57%
The Hazards of Love 4 (The Drowned)
57%
What a Terrible World, What a Beautiful World The Singer Addresses His Audience
57%
The Sporting Life
57%
When the War Came
57%
A Beginning Song
43%
Anti-Summersong
43%
The King Is Dead Don't Carry It All
43%
Easy Come, Easy Go
43%
Everything Is Awful
43%
Make You Better
43%
Severed
43%
Shankill Butchers
43%
The Perfect Crime #2
43%
The Reapers
43%
The Wanting Comes in Waves (Reprise)
43%
The Wrong Year
43%
We Both Go Down Together
43%
Won't Want for Love (Margaret in the Taiga)
43%
Yankee Bayonet (I Will Be Home Then)
43%
Better Not Wake the Baby
29%
Born to the Morning
29%
Calamity Song
29%
Isn't It a Lovely Night?
29%
Los Angeles, I'm Yours
29%
Margaret in Captivity
29%
Mistral
29%
Never Satisfied
29%
Philomena
29%
Riverswim
29%
This Is Why We Fight
29%
Tripping Along
29%
We All Die Young
29%
Your Ghost
29%
All Arise!
14%
All I Want Is You
14%
Carolina Low
14%
Don't Go to the Woods
14%
Fits & Starts
14%
Foregone
14%
Lake Song
14%
I'll Be Your Girl Once in My Life
14%
Row Jimmy
14%
Sonnet
14%
Stateside
14%
The Harrowed and the Haunted
14%
Till the Water's All Long Gone
14%
Florasongs Why Would I Now?
14%
Tell Me What's on Your Mind
0%
Picaresqueties The Bandit Queen (with dialogue and tap dancing)
0%
No matching quizzes found
Score Distribution
Percent of People with Each Score
Percentile by Number Answered
Your Score History
You have not taken this quiz